USA 94 World Cup - Statistics

General Stats
  • This quiz has been taken 69 times
  • The average score is 20 of 24
Answer Stats
Answer % Correct
Brazil
100%
Italy
100%
USA
95%
Argentina
93%
Spain
93%
Sweden
93%
Mexico
90%
Netherlands
90%
Nigeria
90%
Colombia
88%
Russia
88%
Bulgaria
86%
Germany
86%
South Korea
84%
Rep of Ireland
83%
Belgium
81%
Cameroon
81%
Norway
79%
Greece
72%
Romania
72%
Saudi Arabia
72%
Switzerland
72%
Morocco
69%
Bolivia
55%
No matching quizzes found
Score Distribution
Percent of People with Each Score
Percentile by Number Answered
Your Score History
You have not taken this quiz